Oceňovanie podľa US GAAP diplomová práca

Uložené v:
Podrobná bibliografia
Hlavný autor: Buceková, Barbora
Korporativný autor: Fakulta hospodárskej informatiky EU. Katedra účtovníctva a audítorstva
Ďalší autori: Feketeová, Renáta, 1974-
Médium: Kniha
Jazyk:Slovak
Vydavateľské údaje: Bratislava 2010
Tagy: Pridať tag
Žiadne tagy, Buďte prvý, kto otaguje tento záznam!

MARC

LEADER 00000nam$a2200000$$$4500
001 0118695
005 20240318122938.5
041 0 |a slo 
044 |a SK 
245 1 0 |a Oceňovanie podľa US GAAP  |b diplomová práca  |c Barbora Buceková ; škol. Renáta Feketeová 
264 1 |a Bratislava  |c 2010 
300 |a 60 s. 
100 1 |a Buceková, Barbora 
700 1 |a Feketeová, Renáta, 1974- 
710 2 |a Fakulta hospodárskej informatiky EU. Katedra účtovníctva a audítorstva